| 000 | 00381nam a2200145Ia 4500 | ||
|---|---|---|---|
| 008 | 211109s9999||||xx |||||||||||||| ||und|| | ||
| 082 |
_a894.8121 _bBAL-K |
||
| 100 | _aBalamaniyamma, K | ||
| 245 | 0 | _aKudumbhini | |
| 260 |
_bMathrubhumi _aKozhikode _c1956 |
||
| 300 | _a36p. | ||
| 630 | _xGeneral Stack | ||
| 650 |
_aMalayalam Literature _vMalayalam Poetry _xGeneralia |
||
| 942 | _cBOOK | ||
| 999 |
_c9766 _d9766 |
||